El desalojo y el derecho a la vivienda adecuada a la luz de las Naciones Unidas (Registro nro. 31906)

Detalles MARC
000 -LEADER
fixed length control field 00367 a2200109 4500
001 - CONTROL NUMBER
control field ART_51462
005 - DATE AND TIME OF LATEST TRANSACTION
control field 20260410162008.0
008 - FIXED-LENGTH DATA ELEMENTS--GENERAL INFORMATION
fixed length control field 260409a
100 1# - MAIN ENTRY--PERSONAL NAME
Personal name Humphreys, Ethel
245 10 - TITLE STATEMENT
Title El desalojo y el derecho a la vivienda adecuada a la luz de las Naciones Unidas
773 0# - HOST ITEM ENTRY
Title Temas de derecho civil
Related parts - Año 6, N° 10 (oct. 2020)
Record control number REV34778

No hay ítems disponibles.